000 01294cam a2200325 a 4500
999 _c529836
_d529836
001 13585120
003 NUST
005 20191003141933.0
008 040507s2005 nyu 000 0 eng
010 _a 2004043086
020 _a1400034418 (trade pbk.)
038 _awaseem
040 _aDLC
_cDLC
_dDLC
041 1 _aeng
_hice
042 _apcc
050 0 0 _aPT7511.L3
_bK713 2005
082 0 0 _a839.6935
_bLAX
100 0 _aHalldór Laxness,
_d1902-1998.
_922754
240 1 0 _aKristnihald undir jøkli.
_lEnglish
245 1 0 _aUnder the glacier /
_cHalldór Laxness ; translated from the Icelandic by Magnus Magnusson ; introduction by Susan Sontag.
260 _aNew York :
_bVintage,
_c2005.
300 _axvi, 240 p. ;
_c21 cm.
700 1 _aMagnússon, Magnús.
_922755
856 4 2 _3Contributor biographical information
_uhttp://www.loc.gov/catdir/bios/random056/2004043086.html
856 4 2 _3Publisher description
_uhttp://www.loc.gov/catdir/description/random051/2004043086.html
856 4 1 _3Sample text
_uhttp://www.loc.gov/catdir/enhancements/fy0617/2004043086-s.html
906 _a7
_bcbc
_corignew
_d1
_eocip
_f20
_gy-gencatlg
942 _2ddc
_cBK